Les 20 joueurs avec le meilleur ratio de passes décisives en ligue 1. - Statistiques

Statistiques générales
  • Ce quiz a été pris 173 fois
  • Le résultat moyen est 8 sur 20
Statistiques - réponses
Ratio Joueurs Nationalités % Correct
0,55 Lionel Messi Argentine
99%
0,43 Neymar Brésil
97%
0,37 Angel Di Maria Argentine
88%
0,26 Kylian Mbappe France
86%
0,30 Zlatan Ibrahimovic Suède
84%
0,28 Eden Hazard Belgique
59%
0,22 Aleksandr Golovin Russie
52%
0,28 Memphis Depay Pays-Bas
45%
0,25 Juninho Brésil
33%
0,24 Javier Pastore Argentine
22%
0,23 Lovro Majer Croatie
22%
0,25 nenê Brésil
20%
0,22 Téji Savanier France
16%
0,29 Dani Alves Brésil
15%
0,28 Jonathan Clauss France
10%
0,28 Branco Van Den Boomen Pays-Bas
5%
0,28 Jérome Rothen France
5%
0,22 Yannick Carrasco Belgique
5%
0,24 Caio Henrique Brésil
3%
0,24 Zinedine Ferhat Algérie
1%
Aucun quiz correspondant
Distribution des résultats
% des personnes avec chaque résultat
Percentile par nombre de réponses
Votre historique - résultats
Vous n’avez pas pris ce quiz